Comunicació audiovisual = Comunicación audiovisual : recull d'informacions i comentaris apareguts a la premsa sobre aquest tema recull d'informacions i comentaris apareguts a la premsa sobre aquest tema
Descripción Física:
228 f. ; 31 cm
Colección:
Comunicación ; 14
MARC
| LEADER | 00000nam a2200000Ia 4500 | ||
|---|---|---|---|
| 001 | 8882 | ||
| 008 | 160829s1981 xx 000 0 cat d | ||
| 080 | |a C-1-2 | ||
| 245 | |a Comunicació audiovisual = Comunicación audiovisual : |b recull d'informacions i comentaris apareguts a la premsa sobre aquest tema | ||
| 260 | |a Barcelona : |b Servei de Premsa, Diputació de Barcelona, |c 1981 | ||
| 300 | |a 228 f. ; |c 31 cm | ||
| 490 | |a Comunicación ; 14 | ||
| 590 | |a Edició amb motiu de les 1res. Jornades Catalanes sobre Comunicació Audio-visual | ||
| 650 | |a Comunicació |x Congressos |9 39763 | ||
| 650 | |a Audiovisuals |x Reculls de premsa |9 37985 | ||
| 710 | 1 | |a Barcelona (Catalunya : Província). |b Servei de Premsa |9 54967 | |
| 901 | |a Arxiu | ||
| 942 | |n 1 | ||
| 952 | |0 0 |1 0 |4 0 |6 C12 |7 1 |9 48183 |a Arxiu |b Arxiu |d 2016-12-01 |l 0 |o C-1-2 |p 8882 |r 2016-12-01 00:00:00 |w 2016-12-01 |y ARXIU | ||
| 999 | |c 51989 |d 51989 | ||